Toutes les personnes qui ont été ministres depuis septembre 1993 - Statistiques

Statistiques générales
  • Ce quiz a été pris 45 fois
    16 depuis la dernière actualisation
  • Le résultat moyen est 104 sur 447
Statistiques - réponses
Réponse % Correct
Agnès Buzyn
100%
Alain Juppé
100%
Bruno Retailleau
100%
Dominique de Villepin
100%
Elisabeth Borne
100%
Emmanuel Macron
100%
François Bayrou
100%
François Fillon
100%
Gabriel Attal
100%
Gérald Darmanin
100%
Jean-Marc Ayrault
100%
Jean-Pierre Raffarin
100%
Laurent Fabius
100%
Manuel Valls
100%
Michel Barnier
100%
Nicolas Sarkozy
100%
Rachida Dati
100%
Roselyne Bachelot
100%
Sébastien Lecornu
100%
Ségolène Royal
100%
Sylvie Retailleau
100%
Aurore Bergé
89%
Axelle Lemaire
89%
Bernard Cazeneuve
89%
Bruno Le Maire
89%
Cédric O
89%
Dominique Faure
89%
Edouard Balladur
89%
Edouard Philippe
89%
Jean Castex
89%
Laurent Nunez
89%
Lionel Jospin
89%
Martine Aubry
89%
Najat Vallaud-Belkacem
89%
Nathalie Kosciusko-Morizet
89%
Nicolas Hulot
89%
Pap Ndiaye
89%
Sibeth Ndiaye
89%
Agnès Pannier-Runacher
78%
Benoît Hamon
78%
Cécile Duflot
78%
Christine Boutin
78%
Christine Lagarde
78%
Christophe Castaner
78%
Dominique Strauss-Kahn
78%
Eric Dupond-Moretti
78%
François Baroin
78%
Michèle Alliot-Marie
78%
Michel Sapin
78%
Olivier Véran
78%
Stéphane Le Foll
78%
Amélie de Montchalin
67%
Arnaud Montebourg
67%
Bernard Kouchner
67%
Brice Hortefeux
67%
Christian Estrosi
67%
Claude Guéant
67%
David Douillet
67%
François Braun
67%
François de Rugy
67%
Gérard Collomb
67%
Jean-François Copé
67%
Jean-Louis Borloo
67%
Jean-Yves Le Drian
67%
Léon Bertrand
67%
Marlène Schiappa
67%
Roland Lescure
67%
Xavier Bertrand
67%
Alain Madelin
56%
Amélie Oudéa-Castéra
56%
Bernard Debré
56%
Bruno Le Roux
56%
Catherine Vautrin
56%
Charles Pasqua
56%
Christiane Taubira
56%
Florence Parly
56%
François Rebsamen
56%
Jean-Louis Debré
56%
Jean-Luc Mélenchon
56%
Marisol Touraine
56%
Myriam El Khomri
56%
Richard Ferrand
56%
Stéphane Séjourné
56%
Valérie Pécresse
56%
Yaël Braun-Pivet
56%
Annie Genevard
44%
Aurélie Filippetti
44%
Barbara Pompili
44%
Benjamin Griveaux
44%
Bérangère Abba
44%
Christophe Béchu
44%
Corinne Lepage
44%
Damien Abad
44%
Delphine Batho
44%
Dominique Voynet
44%
Elisabeth Guigou
44%
Eric Woerth
44%
François-Noël Buffet
44%
Gérard Larcher
44%
Guillaume Kasbarian
44%
Hervé Morin
44%
Jacques Barrot
44%
Jean-Michel Blanquer
44%
Jean-Noël Barrot
44%
Jean-Vincent Placé
44%
Jérôme Cahuzac
44%
Laurent Saint-Martin
44%
Luc Ferry
44%
Marie-George Buffet
44%
Marina Ferrari
44%
Maud Bregeon
44%
Philippe Martin
44%
Rama Yade
44%
Annick Girardin
33%
Aurélien Rousseau
33%
Brigitte Girardin
33%
Catherine Trautmann
33%
Christian Blanc
33%
Claude Allègre
33%
Clément Beaune
33%
Eric Lombard
33%
Fleur Pellerin
33%
Françoise Nyssen
33%
François Goulard
33%
Frédéric Mitterrand
33%
Hervé Mariton
33%
Hubert Védrine
33%
Jack Lang
33%
Jean-Pierre Chevènement
33%
Laura Flessel
33%
Laurent Wauquiez
33%
Luc Chatel
33%
Marc Fesneau
33%
Muriel Pénicaud
33%
Nathalie Loiseau
33%
Nicole Belloubet
33%
Noëlle Lenoir
33%
Prisca Thevenot
33%
Rima Abdul-Malak
33%
Sylvia Pinel
33%
Sylvie Goulard
33%
Thierry Breton
33%
Vincent Peillon
33%
Xavier Darcos
33%
Agnès Firmin Le Bodo
22%
Alain Lambert
22%
André Santini
22%
Anne Genetet
22%
Antoine Armand
22%
Astrid Panosyan-Bouvet
22%
Audrey Azoulay
22%
Benjamin Haddad
22%
Brigitte Bourguignon
22%
Catherine Colonna
22%
Charles Millon
22%
Christian Paul
22%
Daniel Vaillant
22%
David Migaud
22%
Francis Mer
22%
Françoise Gatel
22%
François Léotard
22%
Frédéric Valletoux
22%
Frédérique Vidal
22%
Gilles de Robien
22%
Harlem Désir
22%
Jacqueline Gourault
22%
Jacques Toubon
22%
Jean-Baptiste Djebbari
22%
Jean-Claude Gayssot
22%
José Rossi
22%
Julien Denormandie
22%
Laurence Garnier
22%
Olivier Dussopt
22%
Patrick Devedjian
22%
Philippe Baptiste
22%
Philippe Douste-Blazy
22%
Pierre Moscovici
22%
Renaud Muselier
22%
Simone Veil
22%
Thierry Mariani
22%
Thomas Cazenave
22%
Xavier Emmanuelli
22%
Alexandre Portier
11%
André Rossinot
11%
Bérangère Couillard
11%
Bernard Laporte
11%
Bernard Pons
11%
Brune Poirson
11%
Carole Delga
11%
Christian Jacob
11%
Clara Chappaz
11%
Claude Bartolone
11%
Dominique Bussereau
11%
Dominique Perben
11%
Elisabeth Hubert
11%
Franck Riester
11%
Frédéric Lefebvre
11%
George Pau-Langevin
11%
Guy Drut
11%
Hervé Berville
11%
Hervé de Charette
11%
Jean-Claude Gaudin
11%
Jean-Louis Thiériot
11%
Jean-Marie Le Guen
11%
Jean-Michel Baylet
11%
Jean-Pierre Jouyet
11%
Laurence Rossignol
11%
Laurent Hénart
11%
Laurent Marcangeli
11%
Louis Le Pensec
11%
Marc Ferracci
11%
Marie Barsacq
11%
Marielle de Sarnez
11%
Marylise Lebranchu
11%
Michel Roussin
11%
Nelly Olin
11%
Nicolas Forissier
11%
Nicole Bricq
11%
Nicole Guedj
11%
Olivia Grégoire
11%
Othman Nasrou
11%
Philippe Bas
11%
Philippe Tabarot
11%
Philippe Vasseur
11%
Pierre Bédier
11%
Raymond-Max Aubert
11%
Roger Karoutchi
11%
Roxana Maracineanu
11%
Sabrina Agresti-Roubache
11%
Sarah El Haïry
11%
Sophie Primas
11%
Stanislas Guerini
11%
Stéphane Travert
11%
Valérie Létard
11%
Yannick Neuder
11%
Yves Cochet
11%
Adrien Taquet
0%
Agnès Canayer
0%
Alain Carignon
0%
Alain Griset
0%
Alain Joyandet
0%
Alain Lamassoure
0%
Alain Marleix
0%
Alain Richard
0%
Alain Vidalies
0%
Alice Rufo
0%
André Vallini
0%
Anne Le Hénanff
0%
Anne-Marie Couderc
0%
Anne-Marie Escoffier
0%
Anne-Marie Idrac
0%
Azouz Begag
0%
Benoist Apparu
0%
Bernard Bosson
0%
Brigitte Klinkert
0%
Carole Grandjean
0%
Caroline Cayeux
0%
Catherine Chabaud
0%
Catherine Tasca
0%
Chantal Jouanno
0%
Charles Josselin
0%
Charlotte Caubel
0%
Charlotte Parmentier-Lecocq
0%
Christelle Dubos
0%
Christian Eckert
0%
Christian Pierret
0%
Christian Sautter
0%
Christine Albanel
0%
Christine Chauvet
0%
Christophe Sirugue
0%
Chrysoula Zacharopoulou
0%
Claude Goasguen
0%
Claude Greff
0%
Claudie Haigneré
0%
Clotilde Valter
0%
Colette Codaccioni
0%
Daniel Hoeffel
0%
David Amiel
0%
Delphine Gény-Stephann
0%
Didier Guillaume
0%
Dominique Bertinotti
0%
Dominique Gillot
0%
Dominique Versini
0%
Edmond Alphandéry
0%
Edouard Courtial
0%
Edouard Geffray
0%
Eléonore Caroit
0%
Elisabeth Dufourcq
0%
Elisabeth Moreno
0%
Emile Zuccarelli
0%
Emmanuelle Cosse
0%
Emmanuelle Wargon
0%
Eric Besson
0%
Ericka Bareigts
0%
Eric Raoult
0%
Estelle Grelier
0%
Fabrice Loher
0%
Fadela Amara
0%
Fadila Khattabi
0%
Franck Borotra
0%
François d'Aubert
0%
François Durovray
0%
Françoise de Panafieu
0%
Françoise de Veyrinas
0%
Françoise Hostalier
0%
François Huwart
0%
François Lamy
0%
François Loos
0%
François Patriat
0%
François Sauvadet
0%
Frédéric Cuvillier
0%
Frédéric de Saint-Sernin
0%
Geneviève Darrieussecq
0%
Geneviève Fioraso
0%
Georges Tron
0%
Gérard Longuet
0%
Gil Avérous
0%
Guillaume Garot
0%
Guy Hascoët
0%
Hamlaoui Mékachéra
0%
Hélène Conway-Mouret
0%
Hélène Geoffroy
0%
Henri Cuq
0%
Henri de Raincourt
0%
Henri Plagnol
0%
Hervé Gaymard
0%
Hervé Novelli
0%
Hubert Falco
0%
Isabelle Lonvis-Rome
0%
Jacques Brunhes
0%
Jacques Dondoux
0%
Jacques Floch
0%
Jacques Godfrain
0%
Jacques Mézard
0%
Jean Arthuis
0%
Jean-Baptiste Lemoyne
0%
Jean-Christophe Combe
0%
Jean de Boishue
0%
Jean-François Carenco
0%
Jean-François Lamour
0%
Jean-François Mattei
0%
Jean Glavany
0%
Jean-Jack Queyranne
0%
Jean-Jacques Aillagon
0%
Jean-Jacques de Peretti
0%
Jean-Jacques Urvoas
0%
Jean Leonetti
0%
Jean-Marc Todeschini
0%
Jean-Marie Bockel
0%
Jeannette Bougrab
0%
Jean-Paul Delevoye
0%
Jean-Pierre Farandou
0%
Jean-Pierre Masseret
0%
Jean Puech
0%
Joël Giraud
0%
Juliette Méadel
0%
Justine Benin
0%
Kader Arif
0%
Laurent Boone
0%
Laurent Panifous
0%
Laurent Pietraszewski
0%
Louis Besson
0%
Lucette Michaux-Chevry
0%
Marc Laffineur
0%
Marc-Philippe Daubresse
0%
Margie Sudre
0%
Marie-Agnès Poussier-Winsback
0%
Marie-Anne Montchamp
0%
Marie-Arlette Carlotti
0%
Marie-Claire Carrère-Gée
0%
Marie Guévenoux
0%
Marie-Josée Roig
0%
Marie Lebec
0%
Marie-Luce Penchard
0%
Marie-Noëlle Lienemann
0%
Marie-Pierre Vedrenne
0%
Marie-Thérèse Boisseau
0%
Martine Pinville
0%
Martin Hirsch
0%
Mathieu Lefèvre
0%
Matthias Fekl
0%
Maurice Leroy
0%
Michel Duffour
0%
Michèle Delaunay
0%
Michel Fournier
0%
Michel Giraud
0%
Michelle Demessine
0%
Michel Mercier
0%
Monique Barbut
0%
Mounir Mahjoubi
0%
Nadia Hai
0%
Nadine Morano
0%
Naïma Moutchou
0%
Nathalie Delattre
0%
Nathalie Elimas
0%
Nicolas Daragon
0%
Nicole Ameline
0%
Nicole Fontaine
0%
Nicole Péry
0%
Nora Berra
0%
Olga Givernet
0%
Olivier Becht
0%
Pascal Canfin
0%
Pascal Clément
0%
Pascale Boistard
0%
Patrice Vergriete
0%
Patricia Mirallès
0%
Patrick Hetzel
0%
Patrick Kanner
0%
Patrick Mignola
0%
Patrick Ollier
0%
Paul Christophe
0%
Paulette Guinchard-Kunstler
0%
Philippe Briand
0%
Philippe Mestre
0%
Philippe Richert
0%
Philippe Vigier
0%
Pierre-André Périssol
0%
Pierre-André Wiltzer
0%
Pierre Lellouche
0%
Pierre Méhaignerie
0%
Pierre Pasquini
0%
Renaud Donnedieu de Vabres
0%
Renaud Dutreil
0%
Roger-Gérard Schwartzenberg
0%
Roger Romani
0%
Salima Saa
0%
Sébastien Martin
0%
Ségolène Neuville
0%
Serge Lepeltier
0%
Serge Papin
0%
Sonia Backès
0%
Sophie Cluzel
0%
Stéphanie Rist
0%
Thani Mohamed Soilihi
0%
Thierry Braillard
0%
Thierry Mandon
0%
Thierry Repentin
0%
Thomas Thévenoud
0%
Tokia Saïfi
0%
Valérie Fourneyron
0%
Véronique Louwagie
0%
Victorin Lurel
0%
Vincent Jeanbrun
0%
Yamina Benguigui
0%
Yves Galland
0%
Yves Jégo
0%
Aucun quiz correspondant
Distribution des résultats
% des personnes avec chaque résultat
Percentile par nombre de réponses
Votre historique - résultats
Vous n’avez pas pris ce quiz depuis la dernière actualisation